[Event "Steinfurt Bezirksliga 1819"]
[Site "Germany"]
[Date "2018.12.15"]
[Round "5.2"]
[White "Schmitz, Carolin"]
[Black "Beckmann, Klaus2222"]
[Result "0-1"]
[WhiteElo "1636"]
[BlackElo "2064"]
[PlyCount "80"]
[EventDate "2018.09.01"]
[EventType "team-tourn"]
[EventRounds "10"]
[EventCountry "GER"]
[SourceTitle "EXT 2020"]
[Source "ChessBase"]
[SourceDate "2019.10.17"]
[SourceVersion "1"]
[SourceVersionDate "2019.10.17"]
[SourceQuality "1"]
[WhiteTeam "Steinfurt III"]
[BlackTeam "Neuenkirchen"]
[WhiteTeamCountry "GER"]
[BlackTeamCountry "GER"]

1. e4 c5 2. c3 d5 3. exd5 Qxd5 4. Nf3 Nc6 5. Be2 Nf6 6. 0-0 e6 7. d4 cxd4 8. Nxd4 Nxd4 9. Qxd4 Qxd4 10. cxd4 Bd6 11. Nc3 a6 12. Bf3 0-0 13. Ne4 Nxe4 14. Bxe4 Rd8 15. Be3 Rb8 16. Rfd1 Bd7 17. Rac1 f5 18. Bf3 h6 19. d5 e5 20. Bc5 Bxc5 21. Rxc5 Rbc8 22. Rdc1 Rxc5 23. Rxc5 Kf7 24. Kf1 Rc8 25. Rxc8 Bxc8 26. Bd1 Ke7 27. b4 Kd6 28. Bb3 b5 29. f3 g6 30. Ke2 Bb7 31. a4 Bxd5 32. Bc2 e4 33. f4 a5 34. bxa5 b4 35. Kd2 Kc5 36. g3 b3 37. Bd1 b2 38. Kc2 Bb3+ 39. Kxb2 Bxd1 40. Kc3 Bxa4 0-1

[Event "BL2 West 1819 (Women)"]
[Site "Germany"]
[Date "2018.10.28"]
[Round "2.6"]
[White "Schmitz, Carolin"]
[Black "Hoefner, Nina"]
[Result "1-0"]
[WhiteElo "1741"]
[BlackElo "1601"]
[PlyCount "137"]
[EventDate "2018.10.27"]
[EventType "team-tourn"]
[EventRounds "7"]
[EventCountry "GER"]
[SourceTitle "CBM 190 Extra"]
[Source "ChessBase"]
[SourceDate "2019.07.15"]
[SourceVersion "1"]
[SourceVersionDate "2019.07.15"]
[SourceQuality "1"]
[WhiteTeam "Steinfurt (W)"]
[BlackTeam "Hamburger SK (W) II"]
[WhiteTeamCountry "GER"]
[BlackTeamCountry "GER"]

1. e4 c5 2. Nf3 d6 3. c3 Nc6 4. h3 Nf6 5. Qc2 g6 6. Be2 Bg7 7. 0-0 0-0 8. d3 a6 9. Be3 Nd7 10. Nbd2 Nde5 11. Nxe5 Nxe5 12. Rad1 f5 13. f4 Bh6 14. d4 cxd4 15. Bxd4 Nf7 16. Qb3 b5 17. Bd3 e5 18. Be3 Kh8 19. exf5 gxf5 20. Qc2 e4 21. Nxe4 Qe7 22. Bd4+ Bg7 23. Bxg7+ Kxg7 24. Ng3 Qe3+ 25. Kh2 Nh6 26. Rde1 Qc5 27. Re7+ Rf7 28. Rxf7+ Kxf7 29. b4 Qd5 30. c4 Qe6 31. cxb5 axb5 32. Bxb5 Rxa2 33. Qc4 Rb2 34. Re1 Qxc4 35. Bxc4+ Kf6 36. b5 Bd7 37. Rd1 Ke7 38. Bd3 Bc8 39. Re1+ Kd8 40. Re2 Rb4 41. Rf2 Bd7 42. Rf3 Kc7 43. Nh5 Ng8 44. Rg3 Be6 45. Rg7+ Kb6 46. Rxh7 Rb3 47. Be2 Rb2 48. Ng3 Rb4 49. Rg7 Kc5 50. Rg6 Bf7 51. Rg7 Be6 52. Nxf5 Rxf4 53. Rc7+ Kd5 54. Bf3+ Ke5 55. Ng7 Nf6 56. Nxe6 Kxe6 57. Kg3 Rb4 58. Rb7 Ke5 59. h4 Rb3 60. Kh2 Rb4 61. g3 d5 62. Kh3 Rb3 63. Bd1 Rb1 64. Bc2 Rb2 65. Bg6 d4 66. h5 Rb3 67. h6 Rc3 68. h7 Rc8 69. b6 1-0

[Event "Muensterland Verbandsliga 1718"]
[Site "Germany"]
[Date "2018.01.20"]
[Round "5.8"]
[White "Theissen, Frank"]
[Black "Schmitz, Carolin"]
[Result "1-0"]
[WhiteElo "1748"]
[BlackElo "1593"]
[PlyCount "67"]
[EventDate "2017.09.09"]
[EventType "team-tourn"]
[EventRounds "9"]
[EventCountry "GER"]
[SourceTitle "EXT 2019"]
[Source "ChessBase"]
[SourceDate "2018.10.10"]
[SourceVersion "1"]
[SourceVersionDate "2018.10.10"]
[SourceQuality "1"]
[WhiteTeam "Borken"]
[BlackTeam "Steinfurt"]
[WhiteTeamCountry "GER"]
[BlackTeamCountry "GER"]

1. e4 e5 2. Nf3 Nc6 3. Bc4 Bc5 4. d3 h6 5. 0-0 Nf6 6. Re1 0-0 7. c3 d6 8. h3 Bd7 9. Bb3 Qc8 10. Be3 Bb6 11. Nbd2 Ne7 12. Nf1 Ng6 13. Ng3 c6 14. Kh2 Bc7 15. Qd2 Kh7 16. Bc2 Rh8 17. Rad1 Kg8 18. d4 Qe8 19. Kg1 Rd8 20. b4 Be6 21. a4 a6 22. a5 exd4 23. Nxd4 Qd7 24. f4 Bc4 25. Ngf5 Ne7 26. Nxe7+ Qxe7 27. Bf2 Ne8 28. Nf5 Qd7 29. e5 Be6 30. Nxd6 Bxd6 31. exd6 Qxd6 32. Qxd6 Rxd6 33. f5 Bd7 34. Rxe8+ 1-0

[Event "Muensterland Verbandsliga 1718"]
[Site "Germany"]
[Date "2017.12.09"]
[Round "4.8"]
[White "Schmitz, Carolin"]
[Black "Menzel, Thomas1111"]
[Result "1/2-1/2"]
[WhiteElo "1593"]
[BlackElo "1691"]
[PlyCount "32"]
[EventDate "2017.09.09"]
[EventType "team-tourn"]
[EventRounds "9"]
[EventCountry "GER"]
[SourceTitle "EXT 2019"]
[Source "ChessBase"]
[SourceDate "2018.10.10"]
[SourceVersion "1"]
[SourceVersionDate "2018.10.10"]
[SourceQuality "1"]
[WhiteTeam "Steinfurt"]
[BlackTeam "Muenster SK IV"]
[WhiteTeamCountry "GER"]
[BlackTeamCountry "GER"]

1. e4 c5 2. Nf3 d6 3. c3 Nf6 4. e5 dxe5 5. Nxe5 a6 6. Bc4 e6 7. 0-0 Be7 8. d4 cxd4 9. Qxd4 Qxd4 10. cxd4 b5 11. Bb3 Bb7 12. Be3 0-0 13. a3 Nbd7 14. Nc3 Nb6 15. Rac1 Rac8 16. Rfd1 Nfd5 1/2-1/2

[Event "Steinfurt Bezirksliga 1617"]
[Site "Germany"]
[Date "2016.12.10"]
[Round "4.1"]
[White "Schmitz, Carolin"]
[Black "Lagemann, Stefan"]
[Result "0-1"]
[WhiteElo "1593"]
[BlackElo "1984"]
[PlyCount "72"]
[EventDate "2016.09.24"]
[EventType "team"]
[EventRounds "9"]
[EventCountry "GER"]
[SourceTitle "EXT 2018"]
[Source "ChessBase"]
[SourceDate "2017.10.13"]
[SourceVersion "1"]
[SourceVersionDate "2017.10.13"]
[SourceQuality "1"]
[WhiteTeam "Steinfurt III"]
[BlackTeam "Westerkappeln"]
[WhiteTeamCountry "GER"]
[BlackTeamCountry "GER"]

1. e4 c5 2. Nf3 Nc6 3. d4 cxd4 4. Nxd4 e5 5. Nf3 Nf6 6. Bd3 d5 7. Nbd2 Be7 8. 0-0 0-0 9. h3 Kh8 10. exd5 Nxd5 11. Re1 f6 12. c4 Nf4 13. Bb1 Be6 14. Qc2 Bg8 15. a3 a5 16. Ne4 Ne6 17. Nc3 Ned4 18. Nxd4 Nxd4 19. Qe4 Bd6 20. Nb5 Nxb5 21. cxb5 Qe7 22. Bd2 f5 23. Qe2 e4 24. Bc3 Be5 25. a4 Bxc3 26. bxc3 Qe5 27. Rc1 Rac8 28. Qe1 Rc5 29. Ba2 Bxa2 30. Rxa2 Rc4 31. Rcc2 Rfc8 32. Ra3 Qc5 33. Qc1 f4 34. Kf1 Qe5 35. Ke2 f3+ 36. Kf1 Qh2 0-1

[Event "Steinfurt Bezirksliga 1516"]
[Site "Germany"]
[Date "2016.05.28"]
[Round "9.1"]
[White "Lagemann, Stefan"]
[Black "Schmitz, Carolin"]
[Result "1-0"]
[WhiteElo "1969"]
[BlackElo "1529"]
[PlyCount "57"]
[EventDate "2015.09.19"]
[EventType "team-tourn"]
[EventRounds "9"]
[EventCountry "GER"]
[SourceTitle "EXT 2017"]
[Source "ChessBase"]
[SourceDate "2016.10.25"]
[SourceVersion "1"]
[SourceVersionDate "2016.10.25"]
[SourceQuality "1"]
[WhiteTeam "Westerkappeln"]
[BlackTeam "Steinfurt III"]
[WhiteTeamCountry "GER"]
[BlackTeamCountry "GER"]

1. c4 e5 2. Nc3 Nf6 3. Nf3 Nc6 4. e3 Be7 5. d4 exd4 6. Nxd4 Nxd4 7. Qxd4 0-0 8. Be2 d6 9. 0-0 Be6 10. e4 Nd7 11. Be3 Bf6 12. Qd2 Ne5 13. Nd5 Ng4 14. Nxf6+ Qxf6 15. Bf4 Ne5 16. Rac1 Qg6 17. f3 f6 18. Kh1 Qf7 19. b3 a5 20. Bg3 a4 21. f4 Nc6 22. f5 Bd7 23. c5 axb3 24. Bc4 Rxa2 25. Bxf7+ Rxf7 26. Qc3 Na5 27. cxd6 cxd6 28. Bxd6 Bc6 29. Ra1 1-0

[Event "Steinfurt Bezirksliga 1516"]
[Site "Germany"]
[Date "2016.02.20"]
[Round "6.1"]
[White "Santos Brito, Daniel"]
[Black "Schmitz, Carolin"]
[Result "1/2-1/2"]
[WhiteElo "1948"]
[BlackElo "1529"]
[PlyCount "111"]
[EventDate "2015.09.19"]
[EventType "team-tourn"]
[EventRounds "9"]
[EventCountry "GER"]
[SourceTitle "EXT 2017"]
[Source "ChessBase"]
[SourceDate "2016.10.25"]
[SourceVersion "1"]
[SourceVersionDate "2016.10.25"]
[SourceQuality "1"]
[WhiteTeam "Neuenkirchen II"]
[BlackTeam "Steinfurt III"]
[WhiteTeamCountry "GER"]
[BlackTeamCountry "GER"]

1. e4 e5 2. Bc4 Nf6 3. d4 exd4 4. Nf3 Bb4+ 5. c3 dxc3 6. bxc3 Be7 7. e5 0-0 8. exf6 Bxf6 9. 0-0 d6 10. Qc2 Nc6 11. Ba3 Bg4 12. Nbd2 Rb8 13. Bd3 h6 14. h3 Bxf3 15. Nxf3 Ne5 16. Nxe5 Bxe5 17. f4 Bf6 18. Rae1 Re8 19. Bb2 Qd7 20. c4 Bh4 21. Re2 Rxe2 22. Qxe2 Re8 23. Qf3 c6 24. g3 Bd8 25. f5 Bb6+ 26. Kg2 Re3 27. Qg4 f6 28. Be4 Qf7 29. Bf3 Qe7 30. Bc1 Rc3 31. Bxh6 Rc2+ 32. Kh1 Rxa2 33. Be4 Kf8 34. Bc1 Ra1 35. Qf3 Qe5 36. Rd1 Qc5 37. Qd3 Ra4 38. Bf4 Qxc4 39. Qxd6+ Kg8 40. Bf3 Qf7 41. Qb8+ Kh7 42. Re1 Ra3 43. Bg2 Bf2 44. Rf1 Ra2 45. Rb1 Bb6 46. Qd6 Rxg2 47. Kxg2 Qa2+ 48. Kf3 Qxb1 49. Kg4 Qe4 50. Qd7 c5 51. Kh5 Qc6 52. Qf7 c4 53. g4 a5 54. Bh6 Qc7 55. Qg6+ Kg8 56. Qe8+ 1/2-1/2

[Event "Steinfurt Bezirksliga 0607"]
[Site "Germany"]
[Date "2007.03.03"]
[Round "7.3"]
[White "Schmitz, Carolin"]
[Black "Welzel, Wilhelm"]
[Result "1/2-1/2"]
[WhiteElo "1468"]
[BlackElo "1688"]
[PlyCount "121"]
[EventDate "2006.09.09"]
[EventType "team-tourn"]
[EventRounds "9"]
[EventCountry "GER"]
[SourceTitle "EXT 2008"]
[Source "ChessBase"]
[SourceDate "2007.11.25"]
[SourceVersion "1"]
[SourceVersionDate "2007.11.25"]
[SourceQuality "1"]
[WhiteTeam "Nordwalde II"]
[BlackTeam "Ibbenbueren II"]
[WhiteTeamCountry "GER"]
[BlackTeamCountry "GER"]

1. e4 c5 2. Nf3 d6 3. h3 Nc6 4. Bb5 Bd7 5. 0-0 Nf6 6. d3 a6 7. Bc4 e6 8. Bg5 Be7 9. Nbd2 0-0 10. c3 Na5 11. Bb3 Nxb3 12. Qxb3 Qc7 13. Rfe1 Rfe8 14. d4 b5 15. Qc2 Rac8 16. Qd3 c4 17. Qc2 h6 18. Bf4 Nh7 19. e5 d5 20. Bh2 Qd8 21. Bf4 b4 22. Nh2 a5 23. Re3 Bg5 24. Bxg5 Qxg5 25. Rg3 Qf5 26. Qc1 Kh8 27. Nhf3 Rg8 28. Nf1 g5 29. Ne3 Qd3 30. Ng4 Qg6 31. Ngh2 f5 32. exf6 Qxf6 33. Ng4 Qg7 34. Nfe5 Be8 35. Qc2 Nf6 36. Nxf6 Qxf6 37. Re1 Bg6 38. Nxg6+ Qxg6 39. Qe2 bxc3 40. bxc3 Rge8 41. f4 Re7 42. fxg5 hxg5 43. Qe5+ Qg7 44. Rxg5 Qxe5 45. Rexe5 Rc6 46. Rg3 Rb6 47. Rh5+ Rh7 48. Rxh7+ Kxh7 49. Rf3 a4 50. Rf2 a3 51. Re2 Rb1+ 52. Kf2 Rc1 53. Rxe6 Rxc3 54. Re2 Rd3 55. Re7+ Kg6 56. Re6+ Kf5 57. Re5+ Kf6 58. Rxd5 Rd2+ 59. Ke3 Rxa2 60. Ra5 c3 61. Kd3 1/2-1/2

[Event "Muensterland Verbandsklasse-B 0607"]
[Site "Germany"]
[Date "2006.12.09"]
[Round "4.7"]
[White "Just, Sergey"]
[Black "Schmitz, Carolin"]
[Result "1/2-1/2"]
[WhiteElo "1629"]
[BlackElo "1445"]
[PlyCount "72"]
[EventDate "2006.09.23"]
[EventType "team"]
[EventRounds "9"]
[EventCountry "GER"]
[SourceTitle "EXT 2008"]
[Source "ChessBase"]
[SourceDate "2007.11.25"]
[SourceVersion "1"]
[SourceVersionDate "2007.11.25"]
[SourceQuality "1"]
[WhiteTeam "Steinfurt"]
[BlackTeam "Nordwalde"]
[WhiteTeamCountry "GER"]
[BlackTeamCountry "GER"]

1. d4 d5 2. c4 e6 3. Nc3 h6 4. Bf4 Nf6 5. e3 Bb4 6. Nf3 Ne4 7. Rc1 0-0 8. Bd3 Nxc3 9. bxc3 Bd6 10. Bxd6 Qxd6 11. c5 Qd8 12. 0-0 b6 13. cxb6 axb6 14. Qb3 Nd7 15. Bb5 Ba6 16. Bxa6 Rxa6 17. c4 dxc4 18. Qxc4 Ra7 19. Qc6 Nb8 20. Qc4 Nd7 21. Qc6 Nb8 22. Qc3 Qd5 23. Rc2 Rc8 24. Qb3 Qxb3 25. axb3 c5 26. Rfc1 Nd7 27. Kf1 Rb8 28. Ke2 Kf8 29. Rb2 Rba8 30. dxc5 Nxc5 31. Nd4 Ra2 32. Rcc2 Rxb2 33. Rxb2 e5 34. Nc6 f6 35. Nb4 Ra3 36. Nd5 Rxb3 1/2-1/2

[Event "Steinfurt Bezirksliga 0405"]
[Site "Germany"]
[Date "2005.03.05"]
[Round "7.2"]
[White "Schmitz, Carolin"]
[Black "Hedwig, Johannes"]
[Result "0-1"]
[WhiteElo "1457"]
[BlackElo "1617"]
[PlyCount "82"]
[EventDate "2004.09.25"]
[EventType "team-tourn"]
[EventRounds "11"]
[EventCountry "GER"]
[SourceTitle "EXT 2006"]
[Source "ChessBase"]
[SourceDate "2005.11.24"]
[SourceVersion "1"]
[SourceVersionDate "2005.11.24"]
[SourceQuality "1"]
[WhiteTeam "Nordwalde II"]
[BlackTeam "Emsdetten Rochade II"]
[WhiteTeamCountry "GER"]
[BlackTeamCountry "GER"]

1. e4 c5 2. Nf3 d6 3. Bc4 Nc6 4. h3 Nf6 5. d3 g6 6. Ng5 e6 7. 0-0 Bg7 8. c3 0-0 9. Bf4 a6 10. Nd2 Nh5 11. Be3 d5 12. exd5 exd5 13. Bxc5 Qxg5 14. Nf3 Qd8 15. Bxf8 Bxf8 16. Bb3 Be6 17. d4 Bg7 18. Qc1 h6 19. Re1 Qf6 20. Ne5 Nf4 21. Bc2 Qg5 22. g3 Nxh3+ 23. Kg2 Qxc1 24. Raxc1 Nxe5 25. dxe5 Ng5 26. Rcd1 Bh3+ 27. Kh2 Bg4 28. f4 Nf3+ 29. Kg2 Nxe1+ 30. Rxe1 Rd8 31. Bd1 Bxd1 32. Rxd1 Kf8 33. Kf3 Ke7 34. Rd4 f6 35. exf6+ Bxf6 36. Rd1 Kf7 37. Rh1 Bg7 38. g4 d4 39. Rd1 Bf6 40. c4 d3 41. Rd2 Bxb2 0-1

[Event "Steinfurt Bezirksliga 0405"]
[Site "Germany"]
[Date "2004.10.30"]
[Round "2.3"]
[White "Schmitz, Carolin"]
[Black "Menz, Robert"]
[Result "1/2-1/2"]
[WhiteElo "1457"]
[BlackElo "1521"]
[PlyCount "59"]
[EventDate "2004.09.25"]
[EventType "team-tourn"]
[EventRounds "11"]
[EventCountry "GER"]
[SourceTitle "EXT 2006"]
[Source "ChessBase"]
[SourceDate "2005.11.24"]
[SourceVersion "1"]
[SourceVersionDate "2005.11.24"]
[SourceQuality "1"]
[WhiteTeam "Nordwalde II"]
[BlackTeam "Saerbeck III"]
[WhiteTeamCountry "GER"]
[BlackTeamCountry "GER"]

1. e4 e5 2. Nf3 Nf6 3. d3 Nc6 4. g3 d5 5. exd5 Nxd5 6. Bg2 Bc5 7. 0-0 Bg4 8. Re1 f6 9. Be3 Nxe3 10. fxe3 0-0 11. c3 Qd7 12. Qb3+ Be6 13. Qc2 Rad8 14. d4 exd4 15. exd4 Bd6 16. Nbd2 Kh8 17. Ne4 Rfe8 18. Nfd2 Bf7 19. Qa4 Bg6 20. Qb5 Rb8 21. Nxd6 cxd6 22. Nc4 Bd3 23. d5 Bxc4 24. Qxc4 Ne5 25. Qd4 Qb5 26. b3 b6 27. c4 Qc5 28. Qxc5 bxc5 29. Rad1 Kg8 30. Kf2 1/2-1/2

[Event "Steinfurt Bezirksklasse 0304"]
[Site "Germany"]
[Date "2004.05.15"]
[Round "10.4"]
[White "Obradovic, Sasa"]
[Black "Schmitz, Carolin"]
[Result "1/2-1/2"]
[WhiteElo "1409"]
[BlackElo "1461"]
[PlyCount "159"]
[EventDate "2003.09.27"]
[EventType "team-tourn"]
[EventRounds "11"]
[EventCountry "GER"]
[SourceTitle "EXT 2005"]
[Source "ChessBase"]
[SourceDate "2004.11.15"]
[SourceVersion "1"]
[SourceVersionDate "2004.11.15"]
[SourceQuality "1"]
[WhiteTeam "Westerkappeln II"]
[BlackTeam "Nordwalde II"]
[WhiteTeamCountry "GER"]
[BlackTeamCountry "GER"]

1. c4 e5 2. Nc3 Nf6 3. g3 Bb4 4. Bg2 0-0 5. Nf3 d6 6. 0-0 Nc6 7. e3 Be6 8. Qb3 Rb8 9. a3 Bc5 10. Ng5 Bd7 11. Rd1 h6 12. Nge4 Nxe4 13. Nxe4 Bb6 14. Qc3 Qe7 15. d3 Nd8 16. d4 exd4 17. exd4 a6 18. Be3 Bf5 19. Nd2 Qf6 20. b4 Ne6 21. Nb3 Rfe8 22. Rac1 Bg4 23. Re1 c6 24. c5 Bc7 25. Qc4 d5 26. Qd3 Bf5 27. Qe2 Re7 28. Qd2 Bg4 29. h3 Bf3 30. Bxf3 Qxf3 31. Qe2 Ng5 32. Qf1 Qf5 33. Bxg5 Qxg5 34. Rxe7 Qxe7 35. Re1 Qd7 36. Kg2 Kf8 37. Qd3 g6 38. Nd2 a5 39. Nf3 axb4 40. axb4 Kg7 41. Ne5 Qe6 42. f4 Ra8 43. Re2 Re8 44. h4 f5 45. b5 Bxe5 46. dxe5 Kh7 47. Rb2 g5 48. hxg5 hxg5 49. bxc6 bxc6 50. Rb7+ Kg6 51. Kf2 Rh8 52. Kg2 Rh7 53. Rb6 Rc7 54. Rb8 Rc8 55. Rb7 Ra8 56. Rb2 Ra4 57. Rc2 gxf4 58. gxf4 Rxf4 59. Re2 Kf7 60. Kg1 Rg4+ 61. Kf1 Re4 62. Rxe4 fxe4 63. Qg3 Qf5+ 64. Ke2 Ke6 65. Qg8+ Qf7 66. Qc8+ Qd7 67. Qg8+ Kxe5 68. Qh8+ Ke6 69. Qg8+ Ke7 70. Qg7+ Kd8 71. Qf6+ Kc8 72. Qh8+ Kc7 73. Qe5+ Kc8 74. Qh8+ Qd8 75. Qh3+ Kb7 76. Qb3+ Ka6 77. Qa4+ Kb7 78. Qb3+ Kc7 79. Qg3+ Kb7 80. Qb3+ 1/2-1/2

[Event "Steinfurt Bezirksklasse 0203"]
[Site "Germany"]
[Date "2003.02.15"]
[Round "5.3"]
[White "Altenaehr, Johannes"]
[Black "Schmitz, Carolin"]
[Result "0-1"]
[WhiteElo "1416"]
[BlackElo "1335"]
[PlyCount "48"]
[EventDate "2002.09.28"]
[EventType "team-tourn"]
[EventRounds "7"]
[EventCountry "GER"]
[SourceTitle "EXT 2005"]
[Source "ChessBase"]
[SourceDate "2004.11.15"]
[SourceVersion "1"]
[SourceVersionDate "2004.11.15"]
[SourceQuality "1"]
[WhiteTeam "Rheine CC"]
[BlackTeam "Nordwalde III"]
[WhiteTeamCountry "GER"]
[BlackTeamCountry "GER"]

1. Nf3 d6 2. e4 e5 3. d4 Bg4 4. Bc4 Nf6 5. dxe5 Bxf3 6. Qxf3 dxe5 7. Qb3 Qc8 8. Bxf7+ Kd8 9. Bg5 Nc6 10. Be6 Qb8 11. Nc3 Nd4 12. 0-0-0 Bd6 13. Qc4 b5 14. Qd3 Nxe6 15. Bxf6+ gxf6 16. Nxb5 Nc5 17. Qd5 Ke7 18. f4 Qxb5 19. f5 Rab8 20. b3 Qe2 21. Rde1 Qa6 22. a4 Qb7 23. Qc4 Qc6 24. b4 Rxb4 0-1

[Event "Steinfurt Bezirksklasse 0203"]
[Site "Germany"]
[Date "2002.11.23"]
[Round "3.4"]
[White "Schmitz, Carolin"]
[Black "Kueper, Werner"]
[Result "1-0"]
[WhiteElo "1335"]
[BlackElo "1287"]
[PlyCount "77"]
[EventDate "2002.09.28"]
[EventType "team-tourn"]
[EventRounds "7"]
[EventCountry "GER"]
[SourceTitle "EXT 2005"]
[Source "ChessBase"]
[SourceDate "2004.11.15"]
[SourceVersion "1"]
[SourceVersionDate "2004.11.15"]
[SourceQuality "1"]
[WhiteTeam "Nordwalde III"]
[BlackTeam "Steinfurt III"]
[WhiteTeamCountry "GER"]
[BlackTeamCountry "GER"]

1. e4 e6 2. d4 d5 3. exd5 exd5 4. Nf3 Bg4 5. Be2 Nf6 6. 0-0 Be7 7. Re1 0-0 8. Bf4 c5 9. Be3 c4 10. c3 a6 11. Ne5 Bf5 12. Nd2 b5 13. a3 a5 14. Ndf3 Qc8 15. Nh4 Ne4 16. Nxf5 Qxf5 17. Bg4 Qf6 18. Bf3 Ng5 19. Bxd5 Ra6 20. Bxg5 Qxg5 21. Nf3 Qf6 22. Qc2 Rd6 23. Be4 h6 24. Nd2 Rdd8 25. Re3 Bd6 26. Bh7+ Kh8 27. Ne4 Qe6 28. Nxd6 Qxd6 29. Bf5 Nd7 30. Bxd7 Qxd7 31. Rae1 Rde8 32. Rxe8 Rxe8 33. Rxe8+ Qxe8 34. Kf1 f6 35. Qe2 Qc6 36. Qe7 Qd5 37. f3 a4 38. Qe8+ Kh7 39. Qe4+ 1-0